Исследование процесса высаливания микроволокон ZrOCl2×8H2o из раствора под действием соляной кислоты; Полифункциональные химические материалы и технологии; Т. 2

Detalles Bibliográficos
Parent link:Полифункциональные химические материалы и технологии: материалы Международной научной конференции, 21-22 мая 2015 г., Томск/ Национальный исследовательский Томский государственный университет (ТГУ) ; под ред. Ю. Г. Слижова.— , 2015
Т. 2.— 2015.— [С. 225-226]
Autor Principal: Смороков А. А. Андрей Аркадьевич
Autor Corporativo: Национальный исследовательский Томский политехнический университет (ТПУ) Физико-технический институт (ФТИ) Кафедра химической технологии редких, рассеянных и радиоактивных элементов (№ 43) (ХТРЭ)
Summary:Заглавие с экрана
Актуальность работы обусловлена потребностью получения диоксида циркония в форме микроволокон.Исходным сырьём для диоксида циркония является микроволокно оксихлорида циркония.
Idioma:ruso
Publicado: 2015
Subjects:
Acceso en liña:http://conference.tsu.ru/engine/download.php?id=252
Formato: Electrónico Capítulo de libro
KOHA link:https://koha.lib.tpu.ru/cgi-bin/koha/opac-detail.pl?biblionumber=641883

MARC

LEADER 00000naa0a2200000 4500
001 641883
005 20250603142834.0
035 |a (RuTPU)RU\TPU\network\6814 
090 |a 641883 
100 |a 20150608d2015 k y0rusy50 ca 
101 0 |a rus 
102 |a RU 
135 |a drcn ---uucaa 
181 0 |a i  
182 0 |a b 
200 1 |a Исследование процесса высаливания микроволокон ZrOCl2×8H2o из раствора под действием соляной кислоты  |d The survey of the microfiber ZrОCl2×8H2O salting out process from the solution by hydrochloric acid  |f А. А. Смороков 
203 |a Текст  |c электронный 
300 |a Заглавие с экрана 
320 |a [Библиогр.: С. 226 (3 назв.)] 
330 |a Актуальность работы обусловлена потребностью получения диоксида циркония в форме микроволокон.Исходным сырьём для диоксида циркония является микроволокно оксихлорида циркония. 
461 |t Полифункциональные химические материалы и технологии  |o материалы Международной научной конференции, 21-22 мая 2015 г., Томск  |f Национальный исследовательский Томский государственный университет (ТГУ) ; под ред. Ю. Г. Слижова  |d 2015 
463 |t Т. 2  |v [С. 225-226]  |d 2015 
510 1 |a The survey of the microfiber ZrОCl2×8H2O salting out process from the solution by hydrochloric acid  |z eng 
610 1 |a электронный ресурс 
610 1 |a труды учёных ТПУ 
610 1 |a оксихлорид циркония 
610 1 |a соляная кислота 
610 1 |a микроволокна 
610 1 |a высаливание 
610 1 |a диоксид циркония 
700 1 |a Смороков  |b А. А.  |c химик-технолог  |c старший преподаватель, младший научный сотрудник Томского политехнического университета  |f 1993-  |g Андрей Аркадьевич  |3 (RuTPU)RU\TPU\pers\33847  |9 17436 
712 0 2 |a Национальный исследовательский Томский политехнический университет (ТПУ)  |b Физико-технический институт (ФТИ)  |b Кафедра химической технологии редких, рассеянных и радиоактивных элементов (№ 43) (ХТРЭ)  |3 (RuTPU)RU\TPU\col\18733 
801 2 |a RU  |b 63413507  |c 20150608  |g RCR 
850 |a 63413507 
856 4 |u http://conference.tsu.ru/engine/download.php?id=252 
942 |c CF